Capitals of the Caucasus - Statistics

General Stats
  • This quiz has been taken 43 times
  • The average score is 3 of 5
Answers on the Map
Answers color-coded by a green-red scale on the quiz's map according to % correct below.
 
Answer Stats
Countries Capital % Correct
Azerbaijan Baku
92%
Georgia Tiflis
88%
Armenia Yerevan
80%
Abkhazia Sukhumi
20%
South Osetia Tskhinvali
16%
No matching quizzes found
Score Distribution
Percent of People with Each Score
Percentile by Number Answered
Your Score History
You have not taken this quiz